Statistiques concernant Clique les mots correspondant dans le désordre

Cliquez ici pour prendre le quiz!

Statistiques générales

  • Ce quiz a été pris 160 fois
  • Le résultat moyen est 14 sur 15

Statistiques - réponses

HintRéponse% Correct
ReoicrCroire
96%
CaotsTacos
96%
PnhdaiuDauphin
95%
DirfoFroid
95%
IrleLire
95%
GnaemrManger
95%
TuertoTortue
95%
NviVin
95%
IreopPoire
94%
BvreeVerbe
94%
PtmeocCompte
93%
PfsienPensif
93%
NuotsietSoutient
92%
MeopmPomme
90%
IrerRire
63%

Distribution des résultats

Percentile par nombre de réponses

% des personnes avec chaque résultat

Votre développement - résultats

Vous n’avez pas pris ce quiz